000 00650nam a2200193Ii 4500
003 JO-AjNU
008 230605s9999||||xx |||||||||||||| ||und||
040 _aJO-AjNU
_bara
_erda
_cJO-AjNU
041 _aara
050 1 4 _aDT154.A8.S9288 1977
100 3 _aتاليف محمد، سعاد ماهر,
_eauthor
_937488
245 0 0 _aمدينة أسوان وآثارها في العصر الإسلامي
264 3 1 _aالجيرة: د.ن، 1977
300 _a254ص
_bصور توضبحية
336 _atext
_btxt
_2rdacontent
337 _aunmediated
_bn
_2rdamedia
338 _avolume
_bnc
_2rdacarrier
650 4 _aمصر-اسوان-تاريخ
_937489
999 _aA15668
_c19236
_d19236